000 00869nam a2200205 u 4500
001 000020306
005 20200929170346.0
008 100813s2000 sp ad 000 0 spa d
020 _a8400078659
040 _aDO-SdBNP
_bspa
_cBNPHU
082 _a331.88
_bS487
100 1 _aerrano del Rosal, Rafael.
_942946
245 1 0 _aTransformación y cambio del sindicalismo español contemporáneo /
_cRafael Serrano del Rosal.
260 _aMadrid :
_bConsejo Superior de Investigaciones Científicas :
_bInstituto de Estudios Sociales Avanzados de Andalucía,
_c2000.
300 _a244 p. :
_bil., gráficos ;
_c24 cm.
490 1 _aPoliteya.
_aEstudios de política y sociedad ;
_v12
500 _aIncluye referencias bibliográficas y notas al pie de las páginas
504 _aBibliografía : p. 223-234
830 0 _aPoliteya.
_pEstudios de política y sociedad ;
_n12
_942947
999 _c19810
_d19810